000 00593nam a2200193 i 4500
001 71607
003 ES-MaACL
005 20250825231623.0
007 t|
008 040813s1915 sp |||| | spa d
100 1 _aGeorge, Henry.
_956382
245 1 3 _aLa cuestión de la tierra /
_cHenry George ; traducción de Baldomero Argente.
260 _aMadrid :
_b[s.n.,
_c1915] (
_fLuis Faure)
300 _a188 p. ;
_c21 cm.
650 7 _aPropiedad rústica
_2embne
_9136780
700 1 _aArgente, Baldomero,
_d1877-1965
_922691
852 _aES-MaACL
_jD-4131
999 _c71607
_d71607